000 00760nam a2200241 a 4500
008
020 _a0750670088 (pbk.)
049 _aMAIN
090 _aTL272.5
_bRIB
100 1 _aRibbens, William B.
245 1 0 _aUnderstanding automotive electronics /
_cby William B. Ribbens ; with contributions to previous editions by Norman P. Mansour... [et al.]
250 _a5th ed.
260 _aBoston :
_bNewnes,
_c1998.
300 _aix, 434 p. :
_bill. ;
_c24 cm.
500 _aIncludes index.
650 0 _aAutomobiles
_xElectronic equipment.
700 1 _aMansour, Norman P.
907 _a.b10120506
_b21-02-13
_c04-05-04
003
005 20230123133709.0
040 _cNUST
942 _cBOOKS
_kTL272.5
_mRIB
999 _c153065
_d153065